[Event "Toronto Reserves"]
[Site "Toronto"]
[Date "2011.01.30"]
[Round "2"]
[White "Chernik, Dmitry"]
[Black "Ivanov, Mike"]
[Result "1-0"]
[WhiteElo "1888"]
[BlackElo "2095"]
[PlyCount "95"]
[EventDate "2011.01.23"]
[EventType "tourn"]
[EventRounds "4"]
[EventCountry "CAN"]
[SourceTitle "EXT 2022"]
[Source "ChessBase"]
[SourceDate "2021.10.06"]
[SourceVersion "1"]
[SourceVersionDate "2021.10.06"]
[SourceQuality "1"]

1. e4 c5 2. Nf3 d6 3. Bb5+ Bd7 4. Bxd7+ Qxd7 5. 0-0 e5 6. d3 g6 7. Nc3 Bg7 8. Nd5 Ne7 9. Bh6 0-0 10. Bxg7 Kxg7 11. c4 Nbc6 12. a3 Nxd5 13. cxd5 Ne7 14. Qd2 h6 15. b4 b6 16. bxc5 bxc5 17. Rab1 Rab8 18. Qc3 Kh7 19. Rb2 g5 20. Rfb1 Rxb2 21. Qxb2 Nc8 22. Qb7 Nb6 23. Rxb6 Qa4 24. Rb1 Qxa3 25. Qe7 Qxd3 26. Re1 Kg7 27. Qxd6 c4 28. Qxe5+ f6 29. Qd4 a5 30. Qa7+ Rf7 31. Qxa5 c3 32. h3 Re7 33. e5 fxe5 34. Rxe5 Rxe5 35. Qc7+ Kg8 36. Qf7+ Kxf7 37. Nxe5+ Ke7 38. Nxd3 Kd6 39. Kf1 Kxd5 40. Ke2 Kc4 41. Ke3 h5 42. Nc1 g4 43. hxg4 hxg4 44. f4 gxf3 45. gxf3 c2 46. Ke4 Kc3 47. f4 Kd2 48. Nd3 1-0